[Event "2. Bundesliga West 2016/17"]
[Site "Kufstein"]
[Date "2017.01.22"]
[Round "8"]
[Board "2"]
[White "Spornberger, Maximilian"]
[Black "De Visser, Leon"]
[Result "1-0"]
[WhiteElo "2300"]
[BlackElo "2258"]
[PlyCount "155"]
[EventDate "2016.10.28"]
[EventType "team"]
[EventRounds "11"]
[EventCountry "AUT"]
[WhiteTeam "Rochade Rum"]
[BlackTeam "Goetzis 2"]

1. e4 c6 2. d4 d5 3. exd5 cxd5 4. Bf4 Nc6 5. c3 Nf6 6. Nd2 Qb6 7. Qb3 Qxb3 8.
axb3 e6 9. Ngf3 Be7 10. Bd3 O-O 11. O-O Bd7 12. h3 Rfc8 13. Rfe1 Be8 14. Ne5
Nxe5 15. Bxe5 a6 16. Bh2 Bb5 17. Bc2 Bd8 18. f4 Bb6 19. Rac1 Re8 20. Kh1 Rac8
21. Bb1 Bc7 22. Re3 Nh5 23. Rf3 g6 24. g4 Nf6 25. Re1 h5 26. g5 Nd7 27. f5 Bxh2
28. fxg6 fxg6 29. Kxh2 Kg7 30. Rfe3 Nf8 31. Nf3 Re7 32. Ne5 Be8 33. Kg3 a5 34.
Nd3 Bf7 35. Nf4 Rd7 36. Rf3 Bg8 37. Ref1 Rf7 38. Re1 Rc6 39. Rfe3 Rfc7 40. Nd3
Rd6 41. Ne5 Bf7 42. Rf3 Be8 43. Rf6 Nh7 44. Bxg6 Nxf6 45. gxf6+ Kxf6 46. Bxe8
h4+ 47. Kxh4 Rg7 48. Rf1+ Ke7 49. Bg6 Rb6 50. Kg5 Rxb3 51. Kh6 Rg8 52. Rf7+ Kd8
53. Kh7 Rxg6 54. Kxg6 Rxb2 55. Rf8+ Ke7 56. Ra8 Rg2+ 57. Kh5 Rg3 58. h4 Rxc3
59. Rxa5 Rb3 60. Ra7 Kf6 61. Ra1 Kf5 62. Kh6 b5 63. h5 b4 64. Kh7 Ra3 65. Rb1
Kg5 66. Rxb4 Ra7+ 67. Kg8 Kxh5 68. Rb6 Ra4 69. Nc6 Kg6 70. Kf8 Kf6 71. Ke8 Ra1
72. Kd7 Kf5 73. Kd6 Ra2 74. Rb1 Ra6 75. Re1 Rb6 76. Re5+ Kf4 77. Rxe6 Kf5 78.
Re5+ 1-0

[Event "2. Bundesliga West 2016/17"]
[Site "Kufstein"]
[Date "2017.01.22"]
[Round "8"]
[Board "3"]
[White "Mittelberger, Peter"]
[Black "Spornberger, Andre"]
[Result "0-1"]
[WhiteElo "2143"]
[BlackElo "2288"]
[PlyCount "64"]
[EventDate "2016.10.28"]
[EventType "team"]
[EventRounds "11"]
[EventCountry "AUT"]
[WhiteTeam "Goetzis 2"]
[BlackTeam "Rochade Rum"]

1. e4 e6 2. d4 d5 3. Nc3 Bb4 4. e5 c5 5. Bd2 cxd4 6. Nb5 Bf8 7. Nxd4 Nc6 8.
Nxc6 bxc6 9. Nf3 Ne7 10. Bd3 c5 11. O-O Nc6 12. c4 Be7 13. a3 Rb8 14. Qc2 dxc4
15. Bxc4 Nd4 16. Nxd4 Qxd4 17. b4 O-O 18. Bd3 cxb4 19. axb4 Bxb4 20. Be3 Qxe5
21. Bxa7 Rb7 22. Bxh7+ Kh8 23. Be4 Rd7 24. Qe2 Bb7 25. Bf3 Bd6 26. g3 Bd5 27.
Bb6 Rb7 28. Ba5 Ra7 29. Ra4 Qxe2 30. Bxe2 Kg8 31. Bb5 Rfa8 32. Rfa1 Bb3 0-1

[Event "2. Bundesliga West 2016/17"]
[Site "Kufstein"]
[Date "2017.01.22"]
[Round "8"]
[Board "4"]
[White "Moroder, Stefan"]
[Black "Kranz, Armin"]
[Result "1-0"]
[WhiteElo "2206"]
[BlackElo "2071"]
[PlyCount "57"]
[EventDate "2016.10.28"]
[EventType "team"]
[EventRounds "11"]
[EventCountry "AUT"]
[WhiteTeam "Rochade Rum"]
[BlackTeam "Goetzis 2"]

1. c4 Nf6 2. Nc3 c5 3. Nf3 b6 4. d4 cxd4 5. Nxd4 Bb7 6. f3 a6 7. e4 d6 8. Be2
e6 9. Be3 Nbd7 10. Rc1 Be7 11. O-O O-O 12. Qe1 Qc7 13. Qf2 Rac8 14. Rfd1 Qb8
15. Kh1 Bd8 16. b3 Re8 17. Bf1 Bc7 18. a4 d5 19. cxd5 exd5 20. Nxd5 Nxd5 21.
exd5 Bxd5 22. Bxa6 Rcd8 23. Nb5 Bxh2 24. Rxd5 Nf6 25. Rxd8 Rxd8 26. Bxb6 Qf4
27. Bxd8 Ne4 28. fxe4 Qxf2 29. Bh4 1-0

[Event "2. Bundesliga West 2016/17"]
[Site "Kufstein"]
[Date "2017.01.22"]
[Round "8"]
[Board "5"]
[White "Natter, Markus"]
[Black "Hengl, Christian"]
[Result "1/2-1/2"]
[WhiteElo "1981"]
[BlackElo "2226"]
[PlyCount "96"]
[EventDate "2016.10.28"]
[EventType "team"]
[EventRounds "11"]
[EventCountry "AUT"]
[WhiteTeam "Goetzis 2"]
[BlackTeam "Rochade Rum"]

1. d4 d5 2. Nf3 Nf6 3. c4 c6 4. e3 Bg4 5. h3 Bh5 6. g4 Bg6 7. Ne5 e6 8. Nd2
Nbd7 9. Nxg6 hxg6 10. Bg2 Bd6 11. O-O b5 12. b3 Qa5 13. Re1 O-O-O 14. c5 Bb8
15. b4 Qc7 16. f4 g5 17. Nf3 Ne4 18. Ne5 Nf8 19. Qf3 f6 20. Nd3 Ng6 21. a4 Nh4
22. Qf1 a6 23. axb5 axb5 24. Ra2 gxf4 25. exf4 Nxg2 26. Kxg2 g5 27. Qf3 Rh4 28.
Rxe4 dxe4 29. Qxe4 Re8 30. Ra6 Kd7 31. Qg6 Qc8 32. Ra2 Qd8 33. fxg5 Kc8 34. Qe4
Kb7 35. gxf6 Qxf6 36. d5 cxd5 37. c6+ Kc8 38. Qe2 Qd4 39. c7 Ba7 40. Nc5 Bxc5
41. bxc5 Kxc7 42. Ra7+ Kb8 43. Qxb5+ Kxa7 44. Qb6+ Ka8 45. Qa6+ Kb8 46. Qb6+
Ka8 47. Qc6+ Ka7 48. Qc7+ Ka8 1/2-1/2

[Event "2. Bundesliga West 2016/17"]
[Site "Kufstein"]
[Date "2017.01.22"]
[Round "8"]
[Board "6"]
[White "Jedinger, Andreas"]
[Black "Ferk, Martin"]
[Result "1/2-1/2"]
[WhiteElo "2120"]
[BlackElo "1915"]
[PlyCount "78"]
[EventDate "2016.10.28"]
[EventType "team"]
[EventRounds "11"]
[EventCountry "AUT"]
[WhiteTeam "Rochade Rum"]
[BlackTeam "Goetzis 2"]

1. e4 e6 2. d4 d5 3. Nc3 dxe4 4. Nxe4 Nd7 5. Nf3 Ngf6 6. Bd3 c5 7. O-O Be7 8.
Nxc5 Nxc5 9. dxc5 Bxc5 10. Bg5 O-O 11. Qe2 Qc7 12. Rfe1 b6 13. Ne5 Nd5 14. Qe4
f5 15. Qh4 Nb4 16. Rad1 Bd6 17. Nc4 Nxd3 18. Rxd3 Bxh2+ 19. Kh1 b5 20. Na3 b4
21. Qxb4 Rb8 22. Qd4 Ba6 23. Qd7 Bxd3 24. Qxe6+ Kh8 25. cxd3 Bf4 26. Bxf4 Qxf4
27. Nc4 Qh6+ 28. Qxh6 gxh6 29. Re7 a5 30. f4 Rfd8 31. Ne5 Rdc8 32. b3 Re8 33.
Nf7+ Kg8 34. Nxh6+ Kh8 35. Ra7 Ra8 36. Nf7+ Kg8 37. Nh6+ Kh8 38. Nf7+ Kg8 39.
Nh6+ Kh8 1/2-1/2

[Event "2. Bundesliga West 2016/17"]
[Site "Kufstein"]
[Date "2017.01.22"]
[Round "8"]
[Board "1"]
[White "Dobosz, Henryk"]
[Black "Votava, Jan"]
[Result "1/2-1/2"]
[WhiteElo "2390"]
[BlackElo "2522"]
[PlyCount "47"]
[EventDate "2016.10.28"]
[EventType "team"]
[EventRounds "11"]
[EventCountry "AUT"]
[WhiteTeam "Bregenz 2"]
[BlackTeam "Zillertal"]

1. Nf3 Nf6 2. g3 g6 3. Bg2 Bg7 4. c4 c6 5. O-O O-O 6. d4 d5 7. cxd5 cxd5 8. Ne5
e6 9. e3 Nfd7 10. f4 Nxe5 11. fxe5 Nc6 12. Nc3 Bd7 13. Bd2 Ne7 14. Rf2 Bc6 15.
Ne2 Qb6 16. Nf4 a5 17. Bc3 Rfc8 18. Qd2 Bb5 19. Bf1 h5 20. Bh3 Be8 21. Raf1 Bb5
22. Ra1 Be8 23. Raf1 Bb5 24. Ra1 1/2-1/2

[Event "2. Bundesliga West 2016/17"]
[Site "Kufstein"]
[Date "2017.01.22"]
[Round "8"]
[Board "2"]
[White "Lanka, Zigurds"]
[Black "Bezler, Rainer"]
[Result "1-0"]
[WhiteElo "2445"]
[BlackElo "2234"]
[PlyCount "53"]
[EventDate "2016.10.28"]
[EventType "team"]
[EventRounds "11"]
[EventCountry "AUT"]
[WhiteTeam "Zillertal"]
[BlackTeam "Bregenz 2"]

1. e4 c5 2. Nf3 d6 3. d4 cxd4 4. Nxd4 Nf6 5. Nc3 g6 6. f4 Nc6 7. Be2 Bd7 8. Be3
Bg7 9. Nb3 O-O 10. O-O a5 11. a4 Nb4 12. Bf3 Bc6 13. Nd5 b5 14. Bf2 bxa4 15.
Nd4 Bb7 16. c3 Nc6 17. Qxa4 Nxd4 18. Bxd4 Nxd5 19. exd5 Bh6 20. g3 Qc7 21. Rf2
e5 22. dxe6 fxe6 23. Qb3 d5 24. Re1 a4 25. Qd1 Qc6 26. Qe2 Rae8 27. Qe5 1-0

[Event "2. Bundesliga West 2016/17"]
[Site "Kufstein"]
[Date "2017.01.22"]
[Round "8"]
[Board "3"]
[White "Barthelmann, Benno"]
[Black "Hausner, Ivan"]
[Result "1/2-1/2"]
[WhiteElo "2097"]
[BlackElo "2360"]
[PlyCount "54"]
[EventDate "2016.10.28"]
[EventType "team"]
[EventRounds "11"]
[EventCountry "AUT"]
[WhiteTeam "Bregenz 2"]
[BlackTeam "Zillertal"]

1. c4 e6 2. Nf3 Nf6 3. g3 d5 4. Bg2 dxc4 5. O-O Nbd7 6. Qc2 c5 7. Qxc4 a6 8.
Qc2 Be7 9. d4 O-O 10. Rd1 Ra7 11. a3 Qc7 12. b4 c4 13. Bf4 Bd6 14. Bxd6 Qxd6
15. Qxc4 b5 16. Qd3 Rc7 17. Nbd2 Bb7 18. e4 e5 19. d5 Rfc8 20. Ne1 Qb6 21. Bh3
Rc3 22. Qe2 R8c7 23. Bxd7 Nxd7 24. Nb1 R3c4 25. Nd2 Rc3 26. Nb1 R3c4 27. Nd2
Rc3 1/2-1/2

[Event "2. Bundesliga West 2016/17"]
[Site "Kufstein"]
[Date "2017.01.22"]
[Round "8"]
[Board "4"]
[White "Maiwald, Jens-Uwe"]
[Black "Amann, Harald"]
[Result "1-0"]
[WhiteElo "2448"]
[BlackElo "2049"]
[PlyCount "89"]
[EventDate "2016.10.28"]
[EventType "team"]
[EventRounds "11"]
[EventCountry "AUT"]
[WhiteTeam "Zillertal"]
[BlackTeam "Bregenz 2"]

1. Nf3 g6 2. d4 Bg7 3. c3 Nf6 4. Bg5 O-O 5. Nbd2 d6 6. e4 c6 7. Bd3 Qc7 8. O-O
e5 9. Re1 Nbd7 10. a4 Re8 11. a5 Nf8 12. h3 Ne6 13. Bh4 Nh5 14. dxe5 dxe5 15.
Nc4 f6 16. Bf1 Rd8 17. Qb3 g5 18. Bg3 Nxg3 19. fxg3 Nc5 20. Qa3 Bf8 21. b4 Na6
22. Ne3 Be6 23. Qb2 Qf7 24. Rad1 Nc7 25. Nh2 Ne8 26. Nhg4 Nd6 27. Bd3 h5 28.
Nf2 Nc4 29. Nxc4 Bxc4 30. Qe2 Be6 31. Qe3 Kg7 32. Be2 a6 33. Qb6 Rdc8 34. Rf1
Kg6 35. Nd3 Qc7 36. Bxh5+ Kxh5 37. Rxf6 Qxb6+ 38. axb6 Re8 39. g4+ Kh4 40. Kh2
Bxg4 41. g3+ Kh5 42. hxg4+ Kxg4 43. Nf2+ Kh5 44. g4+ Kh4 45. Kg2 1-0

[Event "2. Bundesliga West 2016/17"]
[Site "Kufstein"]
[Date "2017.01.22"]
[Round "8"]
[Board "5"]
[White "Oswald, Albert"]
[Black "Tabernig, Bernhard"]
[Result "0-1"]
[WhiteElo "1920"]
[BlackElo "2330"]
[PlyCount "114"]
[EventDate "2016.10.28"]
[EventType "team"]
[EventRounds "11"]
[EventCountry "AUT"]
[WhiteTeam "Bregenz 2"]
[BlackTeam "Zillertal"]

1. d4 e6 2. c4 Nf6 3. Nc3 Bb4 4. Qc2 O-O 5. Nf3 c5 6. e3 b6 7. Be2 Bb7 8. Bd2
cxd4 9. exd4 d5 10. cxd5 Nxd5 11. a3 Be7 12. O-O Nd7 13. Nxd5 Bxd5 14. Bc3 Qc7
15. Rac1 Qb7 16. Qd2 a5 17. Qf4 Rac8 18. Bd2 Nf6 19. Be3 Ne4 20. Bd3 h6 21.
Bxe4 Bxe4 22. Qg3 Kh7 23. Nd2 Bd5 24. f3 Rxc1 25. Rxc1 Rc8 26. Qe1 Bf6 27. Rxc8
Qxc8 28. Ne4 Be7 29. Qd2 Qc4 30. Nc3 f5 31. Nxd5 exd5 32. Kf2 Bf6 33. f4 Kg6
34. b4 a4 35. h3 Qb3 36. Qc1 Qd3 37. g3 Bxd4 38. Bxd4 Qxd4+ 39. Qe3 Qb2+ 40.
Kf3 Qb3 41. Kf2 Qc2+ 42. Kg1 Qc6 43. Kf2 Kh7 44. Kg1 Qf6 45. h4 Qa1+ 46. Kf2
Qb2+ 47. Kf3 Qb3 48. Kf2 Qc2+ 49. Ke1 Qe4 50. Kd2 d4 51. Qd3 Kg6 52. Qe2 Qxe2+
53. Kxe2 Kh5 54. Kd3 Kg4 55. Kxd4 Kxg3 56. Ke5 Kxh4 57. Kxf5 Kg3 0-1

[Event "2. Bundesliga West 2016/17"]
[Site "Kufstein"]
[Date "2017.01.22"]
[Round "8"]
[Board "6"]
[White "Schiestl, Josef"]
[Black "Dorner, Guenther"]
[Result "1-0"]
[WhiteElo "2123"]
[BlackElo "1917"]
[PlyCount "75"]
[EventDate "2016.10.28"]
[EventType "team"]
[EventRounds "11"]
[EventCountry "AUT"]
[WhiteTeam "Zillertal"]
[BlackTeam "Bregenz 2"]

1. e4 c5 2. Nf3 d6 3. d4 cxd4 4. Nxd4 Nf6 5. Nc3 a6 6. Be3 b5 7. a4 b4 8. Nd5
Nxd5 9. exd5 Bb7 10. Bc4 Qc7 11. Qe2 g6 12. O-O Bg7 13. Rfc1 O-O 14. c3 Qa5 15.
Nb3 Qd8 16. cxb4 Nd7 17. Na5 Qb8 18. Qd2 Ne5 19. Be2 Rc8 20. Rxc8+ Bxc8 21. f4
Ng4 22. Bd4 Bxd4+ 23. Qxd4 Bd7 24. Nc6 Bxc6 25. dxc6 Nh6 26. Rc1 Nf5 27. Qf2
Qxb4 28. c7 Rc8 29. Bxa6 Rxc7 30. Rxc7 Qxa4 31. Bf1 Qd1 32. b4 d5 33. b5 d4 34.
b6 Qb1 35. b7 Kg7 36. Qc2 Qb6 37. Bd3 Ne3 38. Qb1 1-0

[Event "2. Bundesliga West 2016/17"]
[Site "Kufstein"]
[Date "2017.01.22"]
[Round "8"]
[Board "1"]
[White "Bertagnolli, Alexander"]
[Black "Fedorovsky, Michael"]
[Result "1/2-1/2"]
[WhiteElo "2375"]
[BlackElo "2497"]
[PlyCount "52"]
[EventDate "2016.10.28"]
[EventType "team"]
[EventRounds "11"]
[EventCountry "AUT"]
[WhiteTeam "Kufstein/Woergl"]
[BlackTeam "Jenbach 2"]

1. e4 e5 2. Nf3 Nc6 3. Bb5 a6 4. Bxc6 dxc6 5. O-O Bg4 6. h3 h5 7. d3 Qf6 8.
Nbd2 g5 9. Re1 Be6 10. d4 g4 11. Nxe5 O-O-O 12. Nf1 c5 13. f4 cxd4 14. h4 Qxh4
15. f5 Qf6 16. Bf4 d3 17. Nxd3 Bc4 18. Ne3 Bxd3 19. cxd3 Bd6 20. Nd5 Qd4+ 21.
Be3 Qe5 22. Rc1 Nf6 23. Bf4 Qd4+ 24. Be3 Qe5 25. Bf4 Qd4+ 26. Be3 Qe5 1/2-1/2

[Event "2. Bundesliga West 2016/17"]
[Site "Kufstein"]
[Date "2017.01.22"]
[Round "8"]
[Board "2"]
[White "Reich, Thomas"]
[Black "Koepke, Christian"]
[Result "0-1"]
[WhiteElo "2349"]
[BlackElo "2305"]
[PlyCount "98"]
[EventDate "2016.10.28"]
[EventType "team"]
[EventRounds "11"]
[EventCountry "AUT"]
[WhiteTeam "Jenbach 2"]
[BlackTeam "Kufstein/Woergl"]

1. d4 Nf6 2. Bg5 Ne4 3. Bf4 c5 4. f3 Nf6 5. dxc5 b6 6. Nc3 bxc5 7. e4 Nc6 8.
Nd5 d6 9. Bb5 Bb7 10. c4 Nd7 11. Ne2 a6 12. Ba4 e6 13. Ne3 Nb6 14. Bxc6+ Bxc6
15. Nc3 Be7 16. Qd2 Ra7 17. Rd1 Rd7 18. O-O O-O 19. b3 Qa8 20. Kh1 Bf6 21. Ng4
Bd4 22. Ne2 e5 23. Nxd4 cxd4 24. Bg3 f6 25. Nf2 Rdf7 26. Nd3 Nd7 27. Qb4 f5 28.
Qxd6 fxe4 29. Nb4 Rf6 30. Qc7 exf3 31. Kg1 Rc8 32. Qa5 fxg2 33. Rfe1 Rcf8 34.
Nxc6 Qxc6 35. Qd5+ Qxd5 36. cxd5 Rf5 37. Kxg2 Rc8 38. Rd2 Kf7 39. Rf2 Rxf2+ 40.
Kxf2 Kf6 41. Ke2 Ke7 42. Kd3 Kd6 43. Rxe5 Nxe5+ 44. Kxd4 Re8 45. h4 h5 46. b4
g5 47. hxg5 h4 48. Bh2 h3 49. a4 Kd7 0-1

[Event "2. Bundesliga West 2016/17"]
[Site "Kufstein"]
[Date "2017.01.22"]
[Round "8"]
[Board "3"]
[White "Rusche, Johannes"]
[Black "Micheli, Carlo"]
[Result "1-0"]
[WhiteElo "2265"]
[BlackElo "2242"]
[PlyCount "64"]
[EventDate "2016.10.28"]
[EventType "team"]
[EventRounds "11"]
[EventCountry "AUT"]
[WhiteTeam "Kufstein/Woergl"]
[BlackTeam "Jenbach 2"]

1. e4 c5 2. c3 d6 3. d4 Nd7 4. Nf3 e6 5. Bd3 Qc7 6. O-O Ngf6 7. Re1 Be7 8. e5
dxe5 9. dxe5 Nd5 10. Be4 N7b6 11. c4 Nb4 12. Qe2 Bd7 13. Nc3 a6 14. Bg5 Bxg5
15. Nxg5 h6 16. Qh5 Rf8 17. Nxf7 Rxf7 18. Bg6 Bc6 19. a3 Nd3 20. Bxd3 O-O-O 21.
Be4 Rdf8 22. Bxc6 Qxc6 23. Ne4 Kb8 24. Rac1 Rf5 25. Qg4 Nd7 26. Qxg7 Nxe5 27.
Rcd1 Nxc4 28. b4 cxb4 29. axb4 Rc8 30. h4 h5 31. Nc5 Rd5 32. Rc1 Nb6 1-0

[Event "2. Bundesliga West 2016/17"]
[Site "Kufstein"]
[Date "2017.01.22"]
[Round "8"]
[Board "4"]
[White "Fuchs, Georg"]
[Black "Maurer, Jochen"]
[Result "1-0"]
[WhiteElo "2215"]
[BlackElo "2261"]
[PlyCount "53"]
[EventDate "2016.10.28"]
[EventType "team"]
[EventRounds "11"]
[EventCountry "AUT"]
[WhiteTeam "Jenbach 2"]
[BlackTeam "Kufstein/Woergl"]

1. e4 d6 2. d4 Nf6 3. Nc3 e5 4. Nf3 exd4 5. Nxd4 Be7 6. Be2 O-O 7. O-O Re8 8.
f4 Bf8 9. Bf3 c5 10. Nb3 Nc6 11. Be3 Bf5 12. exf5 Rxe3 13. g4 c4 14. Nd2 d5 15.
g5 Qb6 16. Kh1 Qxb2 17. Nxd5 Nxd5 18. Nxc4 Qc3 19. Bxd5 Rh3 20. Rb1 Qg3 21.
Bxf7+ Kh8 22. Qe2 Nd4 23. Qg2 Qh4 24. Rxb7 Nxf5 25. Rb3 Rxb3 26. Qxa8 Ng3+ 27.
Kg2 1-0

[Event "2. Bundesliga West 2016/17"]
[Site "Kufstein"]
[Date "2017.01.22"]
[Round "8"]
[Board "5"]
[White "Neuschmied, Siegfried"]
[Black "Gruber, Michael"]
[Result "1-0"]
[WhiteElo "2153"]
[BlackElo "2169"]
[PlyCount "57"]
[EventDate "2016.10.28"]
[EventType "team"]
[EventRounds "11"]
[EventCountry "AUT"]
[WhiteTeam "Kufstein/Woergl"]
[BlackTeam "Jenbach 2"]

1. e4 e5 2. Nf3 Nc6 3. Bb5 a6 4. Ba4 Nf6 5. d3 b5 6. Bb3 Be7 7. O-O O-O 8. Re1
d6 9. c3 Bg4 10. h3 Bh5 11. Nbd2 Na5 12. Bc2 c5 13. Nf1 Re8 14. Ng3 Bg6 15. Nh4
d5 16. Nhf5 Bf8 17. Qf3 h6 18. Rd1 d4 19. cxd4 cxd4 20. Bd2 Rc8 21. Rdc1 Nc6
22. Bb3 Nd7 23. Qg4 Kh7 24. h4 Nf6 25. Qf3 Bxf5 26. Nxf5 Kg8 27. Qg3 Nh5 28.
Qg6 Qf6 29. Nxh6+ 1-0

[Event "2. Bundesliga West 2016/17"]
[Site "Kufstein"]
[Date "2017.01.22"]
[Round "8"]
[Board "6"]
[White "Binder, Moriz"]
[Black "Atzl, Florian"]
[Result "1-0"]
[WhiteElo "2186"]
[BlackElo "1996"]
[PlyCount "115"]
[EventDate "2016.10.28"]
[EventType "team"]
[EventRounds "11"]
[EventCountry "AUT"]
[WhiteTeam "Jenbach 2"]
[BlackTeam "Kufstein/Woergl"]

1. d4 Nf6 2. Nf3 e6 3. g3 b6 4. Bg2 Bb7 5. O-O c5 6. c3 d5 7. Ne5 Nbd7 8. f4
Bd6 9. Nd2 O-O 10. Ndc4 Be7 11. Be3 b5 12. Nxd7 Nxd7 13. Ne5 cxd4 14. Bxd4 Nxe5
15. Bxe5 Bc5+ 16. Bd4 Qb6 17. e3 Rac8 18. Qd2 Ba6 19. b4 Bxd4 20. cxd4 Rc4 21.
Rfc1 Bb7 22. Bf1 Qc6 23. a4 a6 24. axb5 axb5 25. Bd3 Rc8 26. Rd1 Qd6 27. Bxc4
dxc4 28. d5 exd5 29. Qc3 d4 30. Rxd4 Qc6 31. e4 f5 32. Rad1 Qb6 33. Qe3 c3 34.
Kf2 c2 35. Rc1 Qh6 36. h4 Bxe4 37. Rxe4 fxe4 38. Qb3+ Rc4 39. Rxc2 e3+ 40. Ke2
Qc6 41. Rxc4 Qg2+ 42. Kd3 Qd2+ 43. Ke4 bxc4 44. Qxc4+ Kf8 45. Qc5+ Kf7 46. Qa7+
Kf8 47. Qxe3 Qxb4+ 48. Kf3 Kf7 49. Kg4 Qc4 50. Qe5 g6 51. Kg5 Qc6 52. h5 gxh5
53. Kxh5 Qh1+ 54. Kg4 Qd1+ 55. Kg5 Qd8+ 56. Kh5 Qd1+ 57. Kh6 Qh1+ 58. Qh5+ 1-0

[Event "2. Bundesliga West 2016/17"]
[Site "Kufstein"]
[Date "2017.01.22"]
[Round "8"]
[Board "1"]
[White "Medvegy, Zoltan"]
[Black "Eybl, Alexander"]
[Result "1-0"]
[WhiteElo "2557"]
[BlackElo "2277"]
[PlyCount "67"]
[EventDate "2016.10.28"]
[EventType "team"]
[EventRounds "11"]
[EventCountry "AUT"]
[WhiteTeam "Ranshofen"]
[BlackTeam "Pradl"]

1. c4 e5 2. g3 Nf6 3. Bg2 Nc6 4. Nc3 g6 5. d3 Bg7 6. e4 d6 7. Nge2 O-O 8. O-O
Nd4 9. Nxd4 exd4 10. Ne2 Nd7 11. b4 a5 12. b5 c6 13. bxc6 bxc6 14. Rb1 Qc7 15.
Ba3 Ra7 16. Qc2 c5 17. Nf4 Bb7 18. Bc1 Rb8 19. Bd2 a4 20. Nd5 Bxd5 21. exd5 Ne5
22. Bf4 h6 23. Rfd1 Kh7 24. Bf1 Bf6 25. Rxb8 Qxb8 26. Rb1 Qc7 27. Qb2 g5 28.
Bxe5 Bxe5 29. Bh3 Kg7 30. Qb5 a3 31. Qc6 Qa5 32. Rb8 Re7 33. Qc8 Qe1+ 34. Kg2
 1-0

[Event "2. Bundesliga West 2016/17"]
[Site "Kufstein"]
[Date "2017.01.22"]
[Round "8"]
[Board "2"]
[White "Doskocil, Klaus"]
[Black "Kantor, Gergely"]
[Result "0-1"]
[WhiteElo "2211"]
[BlackElo "2413"]
[PlyCount "60"]
[EventDate "2016.10.28"]
[EventType "team"]
[EventRounds "11"]
[EventCountry "AUT"]
[WhiteTeam "Pradl"]
[BlackTeam "Ranshofen"]

1. d4 Nf6 2. Nf3 d5 3. Bg5 c5 4. e3 Ne4 5. Bf4 Nc6 6. Be2 Qb6 7. b3 Qa5+ 8. Kf1
g6 9. Ne5 Bg7 10. Nxc6 bxc6 11. f3 Nd6 12. Bxd6 exd6 13. c3 O-O 14. Qd2 Re8 15.
Kf2 Bf5 16. g4 Bd7 17. b4 Qd8 18. h4 f5 19. g5 f4 20. exf4 cxd4 21. cxd4 Qb6
22. Rd1 c5 23. bxc5 dxc5 24. Nc3 Bxd4+ 25. Kf1 Qe6 26. Bb5 Qh3+ 27. Qg2 Bxc3
28. Bxd7 Qxd7 29. Rac1 Bd4 30. Rb1 Qa4 0-1

[Event "2. Bundesliga West 2016/17"]
[Site "Kufstein"]
[Date "2017.01.22"]
[Round "8"]
[Board "3"]
[White "Dovzik, Juri"]
[Black "Matt, Stefan"]
[Result "1-0"]
[WhiteElo "2284"]
[BlackElo "2122"]
[PlyCount "57"]
[EventDate "2016.10.28"]
[EventType "team"]
[EventRounds "11"]
[EventCountry "AUT"]
[WhiteTeam "Ranshofen"]
[BlackTeam "Pradl"]

1. c4 Nf6 2. g3 g6 3. Bg2 d5 4. cxd5 Nxd5 5. d4 Bg7 6. e4 Nb6 7. Ne2 O-O 8. O-O
e5 9. d5 c6 10. Nbc3 cxd5 11. exd5 Bf5 12. b3 Qd7 13. a4 Na6 14. Ba3 Rfd8 15.
d6 Bh3 16. Nb5 Bxg2 17. Kxg2 Qc6+ 18. Kg1 Qf3 19. Rc1 Rd7 20. Nec3 Qxd1 21.
Rfxd1 Rad8 22. Nxa7 Bh6 23. Rc2 Nc8 24. Nab5 Bf8 25. Ne4 Kg7 26. f4 f6 27. fxe5
fxe5 28. Bb2 Re8 29. Rd5 1-0

[Event "2. Bundesliga West 2016/17"]
[Site "Kufstein"]
[Date "2017.01.22"]
[Round "8"]
[Board "4"]
[White "Meier, Alexander"]
[Black "Knechtel, Roland"]
[Result "1-0"]
[WhiteElo "2163"]
[BlackElo "2266"]
[PlyCount "55"]
[EventDate "2016.10.28"]
[EventType "team"]
[EventRounds "11"]
[EventCountry "AUT"]
[WhiteTeam "Pradl"]
[BlackTeam "Ranshofen"]

1. f4 c5 2. Nf3 Nc6 3. Nc3 g6 4. e4 d6 5. Bb5 Bg7 6. Bxc6+ bxc6 7. d3 Rb8 8.
O-O e6 9. Qe1 Ne7 10. e5 d5 11. b3 Nf5 12. Na4 Bf8 13. c4 h5 14. Ba3 h4 15.
Bxc5 Bh6 16. g4 hxg3 17. hxg3 g5 18. g4 Ng7 19. fxg5 Bxg5 20. Bxa7 Rb7 21. Be3
Bh4 22. Nxh4 Rxh4 23. Qg3 Kf8 24. Kg2 d4 25. Rh1 dxe3 26. Rxh4 Ne8 27. Rh8+ Kg7
28. Qh3 1-0

[Event "2. Bundesliga West 2016/17"]
[Site "Kufstein"]
[Date "2017.01.22"]
[Round "8"]
[Board "5"]
[White "Ager, Josef"]
[Black "Praxmarer, Christian"]
[Result "1-0"]
[WhiteElo "2144"]
[BlackElo "1956"]
[PlyCount "63"]
[EventDate "2016.10.28"]
[EventType "team"]
[EventRounds "11"]
[EventCountry "AUT"]
[WhiteTeam "Ranshofen"]
[BlackTeam "Pradl"]

1. Nf3 f5 2. b3 Nf6 3. Bb2 d6 4. d3 e5 5. Nbd2 Be7 6. e4 Nc6 7. Be2 O-O 8. h3
a5 9. a4 Nb4 10. c3 Na6 11. Nc4 Nc5 12. exf5 Bxf5 13. Ne3 Bg6 14. d4 exd4 15.
Nxd4 Qd7 16. O-O Kh8 17. Ra2 Rae8 18. Ba1 Nce4 19. c4 Bd8 20. Nd5 Qf7 21. Nf4
Nd7 22. Nxg6+ Qxg6 23. Bh5 Qh6 24. Bxe8 Rxe8 25. Re2 Ndc5 26. Nf5 Qg6 27. Nxg7
Rg8 28. Nh5+ Nf6 29. Ng3 h5 30. Re3 Rg7 31. Bxf6 Bxf6 32. Qxh5+ 1-0

[Event "2. Bundesliga West 2016/17"]
[Site "Kufstein"]
[Date "2017.01.22"]
[Round "8"]
[Board "6"]
[White "Mitterwald, Johannes"]
[Black "Kuecher, Wolfgang"]
[Result "1/2-1/2"]
[WhiteElo "2105"]
[BlackElo "2122"]
[PlyCount "64"]
[EventDate "2016.10.28"]
[EventType "team"]
[EventRounds "11"]
[EventCountry "AUT"]
[WhiteTeam "Pradl"]
[BlackTeam "Ranshofen"]

1. e4 g6 2. d4 Bg7 3. c4 c5 4. d5 d6 5. Nc3 Nf6 6. Nge2 e6 7. Ng3 exd5 8. cxd5
O-O 9. Be2 Re8 10. O-O Na6 11. Bg5 h6 12. Be3 Nc7 13. Qd2 Kh7 14. f3 Rb8 15. a4
a6 16. Rab1 b5 17. axb5 axb5 18. b4 c4 19. Rfe1 Nd7 20. f4 Qf6 21. e5 dxe5 22.
Nce4 Qd8 23. f5 Nf6 24. Nxf6+ Bxf6 25. d6 Na8 26. fxg6+ fxg6 27. Rf1 Bg7 28.
Rf7 Rb7 29. Rbf1 Rxf7 30. Rxf7 Be6 31. Rb7 Bd7 32. Ne4 Bc6 1/2-1/2

[Event "2. Bundesliga West 2016/17"]
[Site "Kufstein"]
[Date "2017.01.22"]
[Round "8"]
[Board "1"]
[White "Baldauf, Marco"]
[Black "Bromberger, Stefan"]
[Result "1/2-1/2"]
[WhiteElo "2431"]
[BlackElo "2535"]
[PlyCount "75"]
[EventDate "2016.10.28"]
[EventType "team"]
[EventRounds "11"]
[EventCountry "AUT"]
[WhiteTeam "Hohenems II"]
[BlackTeam "SIR Bernhard 1"]

1. d4 Nf6 2. c4 e6 3. Nc3 d5 4. cxd5 Nxd5 5. e4 Nxc3 6. bxc3 c5 7. Nf3 cxd4 8.
cxd4 Bb4+ 9. Bd2 Bxd2+ 10. Qxd2 O-O 11. Rc1 Nc6 12. Bc4 b6 13. d5 Na5 14. dxe6
Qxd2+ 15. Nxd2 Bxe6 16. Bxe6 fxe6 17. Ke2 Rac8 18. Rhd1 Kf7 19. f4 Ke7 20. g3
Nc6 21. Nf3 Nb4 22. Ne5 Rxc1 23. Rxc1 Na6 24. Nc6+ Kd7 25. Ne5+ Ke7 26. Nc6+
Kd7 27. Nxa7 Ra8 28. Rd1+ Ke8 29. Nb5 Ke7 30. a3 Nc5 31. e5 Ra5 32. Nd6 Rxa3
33. Nc8+ Kf7 34. Nxb6 g5 35. Nd7 Nxd7 36. Rxd7+ Kg6 37. Re7 gxf4 38. Rxe6+
 1/2-1/2